| 000 | 00985cam a22002893a 4500 | ||
|---|---|---|---|
| 001 | 26690 | ||
| 003 | PGUSA | ||
| 005 | 20140828083557.0 | ||
| 008 | 080923s2008||||xxu|||||s|||||000 | eng d | ||
| 040 |
_aPGUSA _beng |
||
| 042 | _adc | ||
| 050 | 4 | _aF1561 | |
| 100 | 1 |
_aExquemelin, A. O. _q(Alexandre Olivier) |
|
| 245 | 1 | 4 |
_aThe Pirates of Panama ; _bor, The Buccaneers of America; a True Account of the Famous Adventures and Daring Deeds of Sir Henry Morgan and Other Notorious Freebooters of the Spanish Main _h[electronic resource] / _cA. O. Exquemelin |
| 260 |
_bProject Gutenberg, _c2008 |
||
| 500 | _aIllustrated by the editor. | ||
| 506 | _aPublic domain in the USA. | ||
| 516 | _aElectronic text | ||
| 653 | _aPirates | ||
| 653 | _aWest Indies -- History | ||
| 653 | _aSpanish Main | ||
| 653 | _aBuccaneers | ||
| 700 | 1 |
_aWilliams, George Alfred, _d1875-1932 |
|
| 830 | 0 |
_aProject Gutenberg _v26690 |
|
| 856 | 4 | 0 | _uhttp://www.gutenberg.org/ebooks/26690 |
| 942 | _cEB | ||
| 999 |
_c255945 _d255945 |
||